La dimensión ética de la responsabilidad social

Salvato in:
Dettagli Bibliografici
Autori principali: Arrieta Heras, Begoña (Autore), Cruz Ayuso, Cristina De La (Autore)
Natura: Libro
Lingua:spagnolo
Pubblicazione: Bilbao Universidad de Deusto 2005
Serie:Etica, 12
Soggetti:
Tags: Aggiungi Tag
Nessun Tag, puoi essere il primo ad aggiungerne!!

MARC

LEADER 00000nam a2200000 a 4500
001 UCG3477
003 CL-VaPUC
008 100902e20050000SP |||||||||||||||||spa|d
020 |a 8498300223 
082 0 4 |a 658.408  |b ARR  |2 21 
100 0 |a Arrieta Heras, Begoña  |e author  |9 552659 
700 0 |a Cruz Ayuso, Cristina De La  |e author  |9 552660 
245 1 3 |a La dimensión ética de la responsabilidad social 
300 |a 154 p 
942 |c BK 
945 |d 20100902 00:00:00  |a mfarfan 
260 |a Bilbao  |b Universidad de Deusto  |c 2005 
650 0 |a Responsabilidad social empresarial  |9 525230 
650 0 |a Ética empresarial   |9 428363 
583 |a last modification  |c 20100902 00:00:00  |k Rodrigo Vera 
490 0 |a Etica, 12 
999 |c 342545  |d 342543 
952 |0 0  |1 0  |4 0  |6 658_408000000000000_ARR_2005  |7 0  |8 A  |9 438793  |a BIBEDU  |b BIBEDU  |d 2019-11-22  |i 4710320  |o 658.408 ARR 2005  |p 4710320  |r 2019-11-22  |w 2019-11-22  |y BK  |k EPE